Los retablos virreinales de Jalisco : patrimonio cultural de México /

En este CD-ROM se hace una investigación de los retablos que existen en el estado de Jalisco, estos son obras de arquitectura hechas de piedra, madera u otro material y que son parte de la decoración de un altar. En nuestro caso se estudian los retablos dorados realizados durante el periodo colonial...

Deskribapen osoa

Gorde:
Xehetasun bibliografikoak
Egile nagusia: Gómez Arriola, Ignacio (investigación, texto y fotografía)
Beste egile batzuk: Aldana Yáñez, Pascual (diseño) (diseño)
Formatua: Baliabide elektronikoa
Hizkuntza:gaztelania
Argitaratua: Guadalajara, México : Gobierno del Estado de Jalisco, Secretaría de Cultura, 2004, c2004
Gaiak:
Etiketak: Etiketa erantsi
Etiketarik gabe, Izan zaitez lehena erregistro honi etiketa jartzen!

MARC

LEADER 00000nmm^a2200000^a^4500
001 000187625
005 20250521000000.0
009 20260310102310.362
037 |a Acervo ITESO - Biblioteca 
041 |a ESP 
082 |a 720. 97235203  |b GOM 
100 |a Gómez Arriola, Ignacio  |e (investigación, texto y fotografía) 
245 1 4 |a Los retablos virreinales de Jalisco :  |b patrimonio cultural de México /  |c Investigación, texto y fotografía de I. Gómez Arriola ; diseño de P. Aldana Yáñez. 
264 4 |a Guadalajara, México :  |b Gobierno del Estado de Jalisco, Secretaría de Cultura,  |c 2004, c2004 
300 |a 1 disco compacto de computadora 
336 |a datos para computadora  |b cod  |2 rdacontenido 
337 |a computadora  |b c  |2 rdamedio 
338 |a disco de computadora  |b cd  |2 rdasoporte 
520 |a En este CD-ROM se hace una investigación de los retablos que existen en el estado de Jalisco, estos son obras de arquitectura hechas de piedra, madera u otro material y que son parte de la decoración de un altar. En nuestro caso se estudian los retablos dorados realizados durante el periodo colonial y que se incorporaron a los templos siguiendo la corriente artística en boga en ese momento: el renacimiento en el siglo XVI y el barroco en los dos siglos siguientes. En el siglo XIX con en neoclasicismo se destruyeron varios de estas manifestaciones como lo fue el que tuvo la Catedral Metropolitana de Guadalajara y en otros templos de ciudades del estado. 
649 |a XX 
650 |a Retablos -  |z Jalisco -  |x Historia -  |y Epoca Colonial, 1517-1821 
650 |a Retablos -  |z México -  |x Historia -  |y Epoca Colonial, 1517-1821 
650 |a Escultura Religiosa -  |z Jalisco 
650 |a Escultura Religiosa -  |z México 
650 |a Escultura Barroca -  |z Jalisco 
650 |a Escultura Barroca -  |z México 
650 |a Escultura Virreinal -  |z México 
650 |a Escultura Jalisciense 
650 |a Escultura Mexicana 
650 |a Patrimonio Artístico -  |z Jalisco 
650 |a Patrimonio Artístico -  |z México 
650 |a Patrimonio Histórico -  |z Jalisco 
650 |a Patrimonio Histórico -  |z México 
650 |a Valoración Patrimonial e Histórica -  |z Jalisco 
650 |a Valoración Patrimonial e Histórica -  |z México 
650 |a Arte Religioso -  |z Jalisco 
650 |a Arte Religioso -  |z México 
650 |a Arte Barroco -  |z Jalisco 
650 |a Arte Barroco -  |z México 
650 |a Arte Virreinal -  |z México 
650 |a Arte Jalisciense 
650 |a Arte Mexicano 
700 |a Aldana Yáñez, Pascual  |e (diseño) 
910 |a Fondo General 
920 |a Electrónicos - Recursos en Disco 
905 |a 207 
901 |a 0500130346  |b IT2  |c SWS  |u 20250521 
902 |a https://opac.biblio.iteso.mx/vufind/Record/000187625